00469nam a2200205Ia 4500003000900000008004100009040001300050040001300063041000800076100001400084245005900098250001100157260001500168260000900183300001100192300001000203490002000213490000600233600002400239IT-RoPAU120407s9999 xx 000 0 und d aIT-RoPAU cIT-RoPAU aita aJean Bosc aLa fede cristiana. Accordi e divergenze tra le chiese. aAssisi aCittadella c1968 a136 p. c19 cm aNuove frontiere v6 a1. Chiese cristiane